Statystyki dla F1 2000 - 2005 zwycięzcy wyścigów

Kliknij tutaj aby rozwiązać quiz!

Ogólne statystyki

  • Ten quiz został rozwiązany 52 razy
  • Średni wynik to 80 z 102

Statystyki odpowiedzi

WyścigiZwycięzcy% Poprawnych
Bahrain GP 2005 | Chinese GP 2005 | Deutsch GP 2005 | +5 othersFernando Alonso
96%
Australian GP 2000 | Australian GP 2001 | Australian GP 2002 | +44 othersMichael Schumacher
90%
British GP 2003 | Chinese GP 2004 | Grand Prix of Europe 2002 | +6 othersRubens Barrichello
73%
Canadian GP 2001 | France GP 2003 | GP of Europe 2003 | +3 othersRalf Schumacher
69%
Belgian GP 2000 | British GP 2001 | Grosser A1 Previs von Osterreich 2000 | +3 othersMika Hakkinen
67%
Brasilian GP 2004 | Brasilian Gp 2005 | British GP 2005 | +3 othersJuan Pablo Montoya
65%
Australian GP 2003 | Austrian GP 2001 | British GP 2000 | +4 othersDavid Coulthard
63%
Belgian GP 2004 | Belgian GP 2005 | Canadian GP 2005 | +6 othersKimi Raikonnen
61%
Australian GP 2005 | Brasilian GP 2003Giancarlo Fisichella
55%
Monaco GP 2004Jarno Trulli
51%
San Marino GP 2000M. Schumacher
14%

Rozkład punktacji

Percentyl według liczby udzielonych odpowiedzi

Procent ludzi z każdym wynikiem

Twoja historia wyników

Nie rozwiązałeś tego quizu